00372nam a2200157Ia 450000500170000000800410001702000140005804000190007204100120009108200130010324500230011626000390013930000160017865000100019485000100020420240624100110.0131103s9999 xx 000 0 und d a918178339 aLoreto College aEnglish a745bCRA aCraft for holidays aNew YorkbSimplicity Patternc1983 a63p.b pic. aCarft aLCBED